|
|
|
|
| LEADER |
01071nam a2200289 4500 |
| 001 |
c000319542 |
| 003 |
CARM |
| 005 |
00000000000000.0 |
| 008 |
740624s1974 ilu b 00110 eng |
| 019 |
1 |
|
|a 21845217
|z 528189
|z 23857181
|5 LACONCORD2021
|
| 020 |
|
|
|a 0256015597
|
| 035 |
|
|
|a (OCoLC)951310
|5 LACONCORD2021
|
| 050 |
0 |
0 |
|a HF5351
|b .E34 1974
|
| 100 |
1 |
|
|a Eells, Richard,
|d 1917-
|
| 245 |
1 |
0 |
|a Conceptual foundations of business
|c [by] Richard Eells [and] Clarence Walton.
|
| 250 |
|
|
|a 3d ed.
|
| 260 |
|
|
|a Homewood, Ill.,
|b R. D. Irwin,
|c 1974.
|
| 300 |
|
|
|a xii, 638 p.
|c 24 cm.
|
| 490 |
0 |
|
|a The Irwin series in management and the behavioral sciences
|
| 504 |
|
|
|a Includes bibliographies.
|
| 650 |
|
0 |
|a Business.
|
| 650 |
|
0 |
|a Social values.
|
| 700 |
1 |
|
|a Walton, Clarence Cyril,
|d 1915-
|e joint author.
|
| 852 |
8 |
|
|b CARM
|h A1:AN11G0
|i B08543
|p 0410756
|f BK
|
| 082 |
0 |
4 |
|a 658.4
|
| 999 |
f |
f |
|i 51d14a29-88f9-5f72-99a6-1c91ec311a07
|s b164a10b-c8fc-5071-9dde-ca538f0b71f9
|
| 952 |
f |
f |
|p Can circulate
|a CAVAL
|b CAVAL
|c CAVAL
|d CARM 1 Store
|e B08543
|f A1:AN11G0
|h Other scheme
|i book
|m 0410756
|